| 000 | 01920nam a2200529 i 4500 | ||
|---|---|---|---|
| 001 | 40710 | ||
| 003 | KOSZ 005 | ||
| 005 | 20211203113632.0 | ||
| 008 | 980713s1996 pl a |000 0 pol | ||
| 015 | _aUWD 1997/1535 | ||
| 020 | _a8385031685 | ||
| 035 | _a991004681029705066 | ||
| 035 | _a(PL-WaBN)b11235238-48omnis_nlop | ||
| 035 | _ab11235238 | ||
| 035 | _a(OCoLC)830126235 | ||
| 035 | _a(PL)b0000001123523 | ||
| 035 | _a(EXLNZ-48OMNIS_NETWORK)9910069549205606 | ||
| 040 |
_aWA N _cWA N _dKOSZ 005/HR |
||
| 046 | _k1996 | ||
| 080 | _a621.01 | ||
| 080 | _a(075.8) | ||
| 245 | 0 | 0 |
_aPodstawy konstrukcji maszyn : _bpołączenia, sprężyny, zawory, wały i osie : przykłady obliczeń : praca zbiorowa / _cpod red. Eugeniusza Mazanka ; [aut. Andrzej Dziurski et al.] ; Politechnika Częstochowska. |
| 260 |
_aCzęstochowa : _bWydaw. PC, _c1996. |
||
| 300 |
_a324, [1] s. : _brys., wykr. ; _c24 cm. |
||
| 336 |
_aTekst _btxt _2rdacontent |
||
| 337 |
_aBez urządzenia pośredniczącego _bn _2rdamedia |
||
| 338 |
_aWolumin _bnc _2rdacarrier |
||
| 380 | _aKsiążki | ||
| 380 | _aPublikacje dydaktyczne | ||
| 385 |
_mPoziom nauczania _aSzkoły wyzsze |
||
| 388 | _a1901-2000 | ||
| 388 | _a1989-2000 | ||
| 504 | _aBibliogr. przy rozdz. | ||
| 650 | 7 | _aPołączenia konstrukcyjne | |
| 650 | 7 | _aSprężyny | |
| 650 | 7 | _aZawór | |
| 650 | 7 | _aWał (część maszyny) | |
| 655 | 7 |
_aPodręczniki akademickie _2DBN |
|
| 658 | _aInżynieria i technika | ||
| 650 | 7 |
_a Konstrukcja maszyn i urządzeń _2DBN |
|
| 700 | 1 |
_aDziurski, Andrzej _eAutor |
|
| 700 | 1 |
_aMazanek, Eugeniusz _d(1939- ) _eAutor _eRedakcja |
|
| 710 | 2 |
_aWydawnictwo Politechniki Częstochowskiej _4pbl |
|
| 856 |
_uhttp://koha.tu.koszalin.pl/cgi-bin/koha/opac-detail.pl?biblionumber=40710 _yKatalog online BPK |
||
| 942 |
_2UKD _cKS |
||
| 999 |
_c40710 _d40710 |
||